| 000 | 00921nam a2200253 i 4500 | ||
|---|---|---|---|
| 001 | 169057 | ||
| 003 | ES-MaACL | ||
| 005 | 20250812062532.0 | ||
| 008 | 080805s19541954sp |||| | spa d | ||
| 080 | _a616:159.9 | ||
| 100 | 1 |
_aLópez Ibor, Juan José, _d1906-1991 _973703 |
|
| 245 | 1 | 0 |
_aEstilos de vivir y modos de enfermar / _cJuan José López Ibor. |
| 260 |
_aMadrid : _bAteneo, _c1954. |
||
| 300 |
_a35 p. : _b1 lam. ; _c19 cm. |
||
| 490 | 1 |
_aColección "O crece o muere" ; _v53 |
|
| 500 | _aEl original fue dado a conocer por el autor en la inauguración del curso1952-53, en el Ateneo de Zaragoza. | ||
| 650 | 0 | 7 |
_aMedicina psicosomática _2embne _914937 |
| 710 | 2 |
_aAteneo de Madrid. _91875 |
|
| 830 | 0 | 0 |
_aColección "O crece o muere" _v53 _9183476 |
| 852 |
_aES-MaACL _9175651 _jJ-24(53) _cDEPO2 |
||
| 852 |
_aES-MaACL _9175650 _jJ-25(53) _cDEPO2 |
||
| 942 | _2udc | ||
| 999 |
_c169057 _d169057 |
||